[Event "Gibraltar Masters 2015"]
[Site "Caleta ENG"]
[Date "2015.01.28"]
[Round "2.15"]
[White "Trent, Lawrence"]
[Black "Howell, David W L"]
[Result "1/2-1/2"]
[WhiteTitle "IM"]
[BlackTitle "GM"]
[WhiteElo "2470"]
[BlackElo "2670"]
[WhiteFideId "408638"]
[BlackFideId "410608"]
[EventDate "2015.01.27"]

1. e4 e5 2. Nf3 Nc6 3. Bb5 a6 4. Ba4 Nf6 5. O-O Be7 6. d3 b5 7. Bb3 d6 8. a3 O-O
9. Nc3 Bb7 10. Nd5 Nxd5 11. Bxd5 Qd7 12. c3 Nd8 13. Bxb7 Nxb7 14. d4 Qe6 15. Re1
Na5 16. d5 Qd7 17. a4 c6 18. Be3 Qb7 19. dxc6 Qxc6 20. Nd2 Nc4 21. Qc2 g6 22.
Nxc4 bxc4 23. a5 Rab8 24. Bb6 Bd8 25. Qa4 Qxa4 26. Rxa4 Bxb6 27. axb6 Rxb6 28.
Rxc4 Rxb2 29. g3 a5 30. Rd1 f5 31. exf5 Rxf5 32. f4 exf4 33. gxf4 Rb6 34. Rcd4
d5 35. Ra4 Rb5 36. Rda1 Rc5 37. Rxa5 Rxc3 38. Rd1 Rxf4 39. Raxd5 Kg7 40. Rd7+
Kh6 41. R7d4 Rf7 42. Rd7 Rff3 43. Rf1 Rf5 44. Rf7 Rg5+ 45. Kh1 Rcc5 46. R7f3 Rg4
47. Rf4 Rgg5 48. R4f3 Rh5 49. Kg2 Rcf5 50. Rxf5 gxf5 51. h4 Kg6 52. Kg3 Rh6 53.
Ra1 Kh5 54. Ra7 Rg6+ 55. Kh3 h6 56. Rf7 Ra6 1/2-1/2

[Event "Gibraltar Masters 2015"]
[Site "Caleta ENG"]
[Date "2015.01.28"]
[Round "2.16"]
[White "Krush, Irina"]
[Black "Iturrizaga Bonelli, Eduardo"]
[Result "1/2-1/2"]
[WhiteTitle "GM"]
[BlackTitle "GM"]
[WhiteElo "2467"]
[BlackElo "2649"]
[WhiteFideId "2012782"]
[BlackFideId "3901211"]
[EventDate "2015.01.27"]

1. c4 c5 2. Nf3 g6 3. d4 cxd4 4. Nxd4 Nc6 5. e4 Bg7 6. Be3 Nf6 7. Nc3 O-O 8. Be2
d6 9. O-O Bd7 10. Qd2 Nxd4 11. Bxd4 Bc6 12. f3 a5 13. b3 Nd7 14. Be3 Nc5 15.
Rac1 Be5 16. Bd1 Qb6 17. Nd5 Bxd5 18. exd5 Qb4 19. Rf2 Rfc8 20. f4 Bf6 21. Bc2
Qxd2 22. Rxd2 a4 23. Rb1 axb3 24. axb3 Na6 25. Bd1 h5 26. g4 hxg4 27. Bxg4 Rcb8
28. f5 b5 29. fxg6 bxc4 30. gxf7+ Kxf7 31. Rg2 Ke8 32. Bf5 e6 33. Bg6+ Ke7 34.
bxc4 Rxb1+ 35. Bxb1 Nb4 36. Be4 Rc8 37. dxe6 1/2-1/2

[Event "Gibraltar Masters 2015"]
[Site "Caleta ENG"]
[Date "2015.01.28"]
[Round "2.17"]
[White "Edouard, Romain"]
[Black "Adla, Diego"]
[Result "1-0"]
[WhiteTitle "GM"]
[BlackTitle "IM"]
[WhiteElo "2638"]
[BlackElo "2469"]
[WhiteFideId "633429"]
[BlackFideId "100072"]
[EventDate "2015.01.27"]

1. e4 e6 2. d4 d5 3. Nc3 Nf6 4. e5 Nfd7 5. f4 c5 6. Nf3 Nc6 7. Be3 Be7 8. dxc5
Bxc5 9. Bxc5 Nxc5 10. Qd2 O-O 11. O-O-O Qa5 12. Kb1 Rb8 13. Qe3 Rd8 14. Nd4 Bd7
15. Be2 Rbc8 16. g4 Nxd4 17. Rxd4 Na4 18. Nxa4 Bxa4 19. c3 Bb5 20. Rhd1 Bxe2 21.
Qxe2 b5 22. f5 Rc4 23. f6 Rdc8 24. Qe3 gxf6 25. exf6 Kh8 26. Qh6 Rg8 27. R4d3 1-0

[Event "Gibraltar Masters 2015"]
[Site "Caleta ENG"]
[Date "2015.01.28"]
[Round "2.18"]
[White "Vishnu Prasanna, V"]
[Black "Sutovsky, Emil"]
[Result "1-0"]
[WhiteTitle "GM"]
[BlackTitle "GM"]
[WhiteElo "2463"]
[BlackElo "2637"]
[WhiteFideId "5030692"]
[BlackFideId "2802007"]
[EventDate "2015.01.27"]

1. Nf3 Nf6 2. c4 c5 3. Nc3 Nc6 4. g3 g6 5. Bg2 Bg7 6. O-O O-O 7. d4 cxd4 8. Nxd4
Qa5 9. Nc2 d6 10. Bd2 Qh5 11. e4 Ng4 12. h3 Nge5 13. Qxh5 gxh5 14. Ne3 Bxh3 15.
f4 Bxg2 16. Kxg2 Nd7 17. Nf5 Rad8 18. Rad1 Nf6 19. Kf3 Bh8 20. Nd5 e6 21. Nde7+
Nxe7 22. Nxe7+ Kg7 23. Bb4 Rfe8 24. Rxd6 a5 25. Ba3 Ng4 26. Rfd1 Rxd6 27. Bxd6
Kh6 28. Ba3 Bxb2 29. Bxb2 Rxe7 30. Rd8 Rc7 31. Rg8 Rd7 32. Bg7+ Kg6 33. f5+ 1-0

[Event "Gibraltar Masters 2015"]
[Site "Caleta ENG"]
[Date "2015.01.28"]
[Round "2.19"]
[White "Bartel, Mateusz"]
[Black "Kjartansson, Gudmundur"]
[Result "0-1"]
[WhiteTitle "GM"]
[BlackTitle "IM"]
[WhiteElo "2631"]
[BlackElo "2468"]
[WhiteFideId "1112635"]
[BlackFideId "2301318"]
[EventDate "2015.01.27"]

1. e4 e5 2. Nf3 Nc6 3. Bb5 a6 4. Ba4 Nf6 5. O-O Be7 6. Qe2 b5 7. Bb3 d6 8. c3
O-O 9. d4 Bg4 10. Rd1 exd4 11. cxd4 d5 12. e5 Ne4 13. a4 b4 14. a5 Bh4 15. Be3
Ne7 16. h3 Bxf3 17. Qxf3 f5 18. Nd2 Kh8 19. Qh5 Ng6 20. f4 Bg3 21. Rf1 c6 22.
Rac1 Rc8 23. Nxe4 fxe4 24. f5 Nxe5 25. dxe5 Bxe5 26. Qe2 Qxa5 27. Bc5 Rfe8 28.
Qd2 Qd8 29. Qxb4 Rb8 30. Qa4 Qg5 31. Rfe1 Qg3 32. Re3 Qh2+ 33. Kf2 Rb5 34. Qxa6
Rxc5 35. Rxc5 Bd4 36. Rc3 Qf4+ 37. Ke1 Bxe3 38. Qe2 d4 39. Rxc6 d3 0-1

[Event "Gibraltar Masters 2015"]
[Site "Caleta ENG"]
[Date "2015.01.28"]
[Round "2.20"]
[White "Docx, Stefan"]
[Black "Adhiban, Baskaran"]
[Result "0-1"]
[WhiteTitle "IM"]
[BlackTitle "GM"]
[WhiteElo "2450"]
[BlackElo "2630"]
[WhiteFideId "200778"]
[BlackFideId "5018471"]
[EventDate "2015.01.27"]

1. d4 d5 2. c4 e6 3. Nc3 c6 4. e4 dxe4 5. Nxe4 Bb4+ 6. Nc3 e5 7. a3 Bxc3+ 8.
bxc3 Qa5 9. Bd2 Nf6 10. Nf3 Nbd7 11. h3 O-O 12. Be2 Ne4 13. Qc2 Nxd2 14. Qxd2
Re8 15. c5 b6 16. cxb6 axb6 17. O-O e4 18. Ne1 Nf6 19. Nc2 h6 20. a4 Qf5 21.
Rfb1 Qg6 22. Kh1 Ra5 23. Ne3 Nd5 24. Nc4 Rxa4 25. Rxa4 e3 26. Nxe3 Qxb1+ 27. Kh2
Qe4 28. Nxd5 Qxd5 29. Bf3 Qd6+ 30. Kh1 Be6 31. Ra1 b5 32. Ra6 Bd5 33. Bxd5 Qxd5
34. Ra2 Qe4 35. Kh2 h5 36. Ra1 h4 37. Rd1 Re6 38. f3 Qd5 39. Qf2 Qb3 40. Qd2 Qd5
41. Qf2 Qd6+ 42. Kh1 Qf4 43. Re1 Qg3 44. Qxg3 hxg3 45. Re4 Rxe4 46. fxe4 f5 47.
e5 Kf7 0-1

[Event "Gibraltar Masters 2015"]
[Site "Caleta ENG"]
[Date "2015.01.28"]
[Round "2.21"]
[White "Bachmann, Axel"]
[Black "Carlsson, Pontus"]
[Result "1-0"]
[WhiteTitle "GM"]
[BlackTitle "GM"]
[WhiteElo "2629"]
[BlackElo "2465"]
[WhiteFideId "3700488"]
[BlackFideId "1705814"]
[EventDate "2015.01.27"]

1. d4 d5 2. c4 c6 3. Nf3 Nf6 4. g3 g6 5. Bg2 Bg7 6. O-O O-O 7. cxd5 cxd5 8. Ne5
Nc6 9. Nxc6 bxc6 10. Nc3 Nd7 11. b3 e6 12. Na4 c5 13. Bb2 Ba6 14. Re1 Rc8 15.
dxc5 Bxb2 16. Nxb2 Qf6 17. Qd2 Nxc5 18. b4 Ne4 19. Bxe4 dxe4 20. Na4 Rfd8 21.
Qe3 Rc2 22. Rac1 Rxc1 23. Rxc1 Qd4 24. Nc3 Qxe3 25. fxe3 Rd2 26. b5 Bb7 27. Kf2
Kg7 28. a4 Kf6 29. a5 Rb2 30. a6 Bd5 31. Nxd5+ exd5 32. Rc6+ Ke5 33. Rc7 Ke6 34.
Rb7 h5 35. h3 g5 36. Ke1 h4 37. g4 f5 38. gxf5+ Kxf5 39. Rxa7 Rxb5 40. Ra8 d4
41. Rf8+ 1-0

[Event "Gibraltar Masters 2015"]
[Site "Caleta ENG"]
[Date "2015.01.28"]
[Round "2.22"]
[White "Guo, Qi"]
[Black "Salgado Lopez, Ivan"]
[Result "1/2-1/2"]
[WhiteTitle "IM"]
[BlackTitle "GM"]
[WhiteElo "2439"]
[BlackElo "2628"]
[WhiteFideId "8604002"]
[BlackFideId "2257327"]
[EventDate "2015.01.27"]

1. d4 Nf6 2. Nf3 e6 3. c4 b6 4. g3 Bb7 5. Bg2 Be7 6. O-O O-O 7. Nc3 Ne4 8. Qc2
Nxc3 9. Qxc3 f5 10. Rd1 Bf6 11. b3 d6 12. Bb2 Qe7 13. Qc2 Be4 14. Qd2 Nd7 15.
Ne1 Bxg2 16. Nxg2 a5 17. a3 Rfd8 18. Qc2 c6 19. Re1 c5 20. e3 a4 21. bxa4 Rdc8
22. Qb3 e5 23. Rad1 Qf7 24. dxe5 Bxe5 25. Bc1 Bf6 26. f4 Qe6 27. Rd5 Be7 28. Bb2
Qe4 29. Red1 Ra7 30. Be5 dxe5 31. Rxd7 Rxd7 32. Rxd7 Bf6 33. Qxb6 exf4 34. gxf4
Qxc4 35. Qb7 Qc1+ 36. Kf2 Qb2+ 37. Kf3 Qxb7+ 38. Rxb7 c4 39. Ne1 Ra8 40. Nc2
Rxa4 41. Rb4 Rxb4 42. axb4 Kf7 43. Na3 Be7 44. Nxc4 Bxb4 45. e4 1/2-1/2

[Event "Gibraltar Masters 2015"]
[Site "Caleta ENG"]
[Date "2015.01.28"]
[Round "2.23"]
[White "Agdestein, Simen"]
[Black "Venkatesh, M.R."]
[Result "0-1"]
[WhiteTitle "GM"]
[BlackTitle "GM"]
[WhiteElo "2626"]
[BlackElo "2460"]
[WhiteFideId "1500015"]
[BlackFideId "5005779"]
[EventDate "2015.01.27"]

1. d4 Nf6 2. c4 g6 3. Nc3 Bg7 4. e4 d6 5. Nf3 O-O 6. Be2 e5 7. d5 a5 8. Bg5 h6
9. Be3 Ng4 10. Bd2 f5 11. h3 Nf6 12. exf5 gxf5 13. Qc1 Kh7 14. g4 Na6 15. gxf5
Bxf5 16. Nh4 Qd7 17. Nxf5 Qxf5 18. Qb1 e4 19. Be3 c6 20. dxc6 bxc6 21. Qd1 Nb4
22. Qd2 d5 23. a3 Nd3+ 24. Bxd3 exd3 25. cxd5 Nxd5 26. Nxd5 cxd5 27. Rg1 Bf6 28.
Rg3 d4 29. Bf4 Bh4 30. Rg4 Qe4+ 31. Kd1 Rac8 32. Bh2 Qf3+ 33. Ke1 Bxf2+ 0-1

[Event "Gibraltar Masters 2015"]
[Site "Caleta ENG"]
[Date "2015.01.28"]
[Round "2.24"]
[White "Teran Alvarez, Ismael"]
[Black "Sethuraman, S.P."]
[Result "1/2-1/2"]
[WhiteTitle "IM"]
[BlackTitle "GM"]
[WhiteElo "2430"]
[BlackElo "2624"]
[WhiteFideId "2204177"]
[BlackFideId "5021596"]
[EventDate "2015.01.27"]

1. e4 c5 2. Nf3 e6 3. d4 cxd4 4. Nxd4 Nf6 5. Nc3 d6 6. g4 h6 7. h3 Nc6 8. Bg2
Be7 9. O-O O-O 10. Nce2 Qb6 11. c4 Rd8 12. b3 d5 13. exd5 exd5 14. Be3 Bc5 15.
Nxc6 bxc6 16. Bxc5 Qxc5 17. Qd4 Qa5 18. Qc3 Qxc3 19. Nxc3 Ba6 20. Rfd1 dxc4 21.
Bf1 h5 22. gxh5 Nxh5 23. Ne4 Rd5 24. bxc4 Re5 25. Ng3 Nf6 26. Rd6 Rc5 27. Rad1
Re8 28. Rd8 Kf8 29. Rxe8+ Kxe8 30. Rb1 Nd7 31. Ne4 Re5 32. Bg2 Kd8 33. Rb4 Ra5
34. Nd6 Ke7 35. Nb7 Bxb7 36. Rxb7 Kd6 37. c5+ Nxc5 38. Rxf7 Ne6 39. h4 c5 40.
Bh3 c4 41. Bxe6 Kxe6 42. Rxg7 Rc5 43. Rg6+ Kf7 44. Rd6 c3 45. Rd1 Kg6 46. Kf1
Kh5 47. Ke2 Kxh4 48. Rc1 Kg4 49. Kd3 Ra5 50. Rc2 Ra3 51. Kc4 a5 52. Kd3 Kf3 53.
Kd4 Kf4 54. f3 Kxf3 1/2-1/2

[Event "Gibraltar Masters 2015"]
[Site "Caleta ENG"]
[Date "2015.01.28"]
[Round "2.25"]
[White "Naroditsky, Daniel"]
[Black "Mkrtchian, Lilit"]
[Result "1-0"]
[WhiteTitle "GM"]
[BlackTitle "IM"]
[WhiteElo "2622"]
[BlackElo "2449"]
[WhiteFideId "2026961"]
[BlackFideId "13300601"]
[EventDate "2015.01.27"]

1. e4 e6 2. d4 d5 3. Nd2 dxe4 4. Nxe4 Nd7 5. Nf3 Ngf6 6. Nxf6+ Nxf6 7. g3 b6 8.
Bg2 Bb7 9. O-O Be7 10. Qe2 O-O 11. Rd1 Qc8 12. c4 Re8 13. Bh3 Nd7 14. Be3 Bf6
15. Rac1 Re7 16. d5 Qe8 17. dxe6 fxe6 18. Bg2 Qh5 19. Rc2 e5 20. Ng5 Qxe2 21.
Rxe2 Bxg2 22. Kxg2 e4 23. Nxe4 Rxe4 24. Rxd7 Rxc4 25. b3 Rc6 26. Bf4 Rc8 27. h4
b5 28. Bg5 Ba1 29. Bd8 Kf8 30. Be7+ Kg8 31. Bd8 Kf8 32. g4 h6 33. g5 hxg5 34.
hxg5 Bc3 35. f4 Bb4 36. f5 Bc3 37. g6 1-0

[Event "Gibraltar Masters 2015"]
[Site "Caleta ENG"]
[Date "2015.01.28"]
[Round "2.26"]
[White "Nagy, Gabor1"]
[Black "Anton Guijarro, David"]
[Result "1/2-1/2"]
[WhiteTitle "IM"]
[BlackTitle "GM"]
[WhiteElo "2410"]
[BlackElo "2617"]
[WhiteFideId "737119"]
[BlackFideId "2285525"]
[EventDate "2015.01.27"]

1. e4 e5 2. Nf3 Nc6 3. Be2 Nf6 4. Nc3 d6 5. d4 Be7 6. h3 O-O 7. O-O Re8 8. d5
Nb8 9. Be3 c6 10. dxc6 bxc6 11. Bc4 Ba6 12. Bxa6 Nxa6 13. Qe2 Qc8 14. Rfd1 Nc7
15. Bg5 Qe6 16. Rd2 h6 17. Bxf6 Bxf6 18. Rad1 Red8 19. b3 Qe7 20. Na4 d5 21.
exd5 cxd5 22. c4 d4 23. Qe4 Re8 24. Re2 Na6 25. Rde1 Rad8 26. Kf1 Qc7 27. a3 Nc5
28. Nxc5 Qxc5 29. Qd3 a5 30. b4 axb4 31. axb4 Qxb4 32. Nxe5 Rxe5 33. Rxe5 Bxe5
34. Rxe5 Qc3 35. Re3 Qb2 36. Re1 Qb4 37. Rb1 Qc5 38. Rb5 Qc6 39. Re5 Rc8 40.
Qxd4 Qxc4+ 41. Qxc4 1/2-1/2

[Event "Gibraltar Masters 2015"]
[Site "Caleta ENG"]
[Date "2015.01.28"]
[Round "2.27"]
[White "Lenderman, Aleksandr"]
[Black "Neelotpal, Das"]
[Result "1/2-1/2"]
[WhiteTitle "GM"]
[BlackTitle "GM"]
[WhiteElo "2614"]
[BlackElo "2437"]
[WhiteFideId "2021285"]
[BlackFideId "5003512"]
[EventDate "2015.01.27"]

1. d4 Nf6 2. c4 e6 3. Nc3 Bb4 4. e3 O-O 5. Bd3 d5 6. Nf3 c5 7. O-O Nc6 8. cxd5
exd5 9. dxc5 Bxc5 10. h3 a6 11. b3 d4 12. Na4 Ba7 13. exd4 b5 14. Nc5 Nxd4 15.
Ne4 Bf5 16. Bg5 Re8 17. Nxf6+ gxf6 18. Bxf5 fxg5 19. Nxd4 Qxd4 20. Qh5 Qh4 21.
Bxh7+ Kg7 22. Qxh4 gxh4 23. Bd3 Rad8 24. Rfd1 Re6 25. Bf1 Red6 26. Rxd6 Rxd6 27.
a4 Rd2 28. axb5 Bxf2+ 29. Kh1 axb5 30. Bxb5 Rb2 31. Bc4 f6 32. Rf1 Bd4 33. Rd1 1/2-1/2

[Event "Gibraltar Masters 2015"]
[Site "Caleta ENG"]
[Date "2015.01.28"]
[Round "2.28"]
[White "Santiago, Yago De Moura"]
[Black "Bologan, Viktor"]
[Result "1/2-1/2"]
[WhiteTitle "IM"]
[BlackTitle "GM"]
[WhiteElo "2406"]
[BlackElo "2608"]
[WhiteFideId "2103877"]
[BlackFideId "13900048"]
[EventDate "2015.01.27"]

1. e4 e5 2. Nf3 Nc6 3. Bb5 a6 4. Ba4 Nf6 5. O-O Be7 6. Re1 b5 7. Bb3 d6 8. c3
O-O 9. d4 Bg4 10. d5 Na5 11. Bc2 c6 12. dxc6 Qc7 13. h3 Bc8 14. Nbd2 Qxc6 15.
Nf1 Nc4 16. a4 Bb7 17. Qe2 Rfe8 18. Ng3 h6 19. b3 Nb6 20. a5 Nbd7 21. Bb2 Rac8
22. Red1 Qc7 23. Nd2 d5 24. exd5 Nxd5 25. Nde4 g6 26. c4 bxc4 27. bxc4 Qxc4 28.
Qxc4 Rxc4 29. Ba4 Rd8 30. Bxd7 Rxd7 31. Bxe5 f6 32. Bb2 f5 33. Nc3 Nf6 34. Rxd7
Nxd7 35. Rd1 Nf6 36. Nf1 Kf7 37. Ne2 Rc2 38. Bxf6 Kxf6 39. Nf4 Bc5 40. Nd3 Ba7
41. Nd2 Ra2 42. Nc4 Rc2 43. Nb6 Bxb6 44. axb6 Rc6 45. Rb1 Ke6 46. Re1+ Kd6 47.
Ne5 Rc5 48. Nf7+ Kd7 49. Ne5+ Kd6 50. Nf7+ Kd7 51. Ne5+ 1/2-1/2

[Event "Gibraltar Masters 2015"]
[Site "Caleta ENG"]
[Date "2015.01.28"]
[Round "2.29"]
[White "Salem, A.R. Saleh"]
[Black "Nakar, Eylon"]
[Result "1/2-1/2"]
[WhiteTitle "GM"]
[BlackTitle "IM"]
[WhiteElo "2603"]
[BlackElo "2419"]
[WhiteFideId "9301348"]
[BlackFideId "2811111"]
[EventDate "2015.01.27"]

1. c4 Nf6 2. Nc3 e5 3. g3 Bb4 4. Bg2 O-O 5. Nf3 Re8 6. O-O c6 7. d3 h6 8. Ne4
Nxe4 9. dxe4 a5 10. Be3 Na6 11. Rc1 d6 12. Nh4 Bc5 13. Qd2 Bxe3 14. Qxe3 Qf6 15.
Rfd1 Rd8 16. Rd2 Be6 17. b3 a4 18. Rcd1 axb3 19. axb3 Nc5 20. b4 Na4 21. Nf5 d5
22. cxd5 cxd5 23. Nxg7 Kxg7 24. exd5 Bf5 25. d6 Ra6 26. d7 Nb6 27. g4 Nc4 28.
Qg3 Be6 29. Rd3 Qf4 30. Qxf4 exf4 31. Rd4 b5 32. h3 Ne5 33. Rxf4 Rxd7 34. Rxd7
Nxd7 35. Rd4 Ra1+ 36. Kh2 Rc1 37. Rd6 Kf8 38. f4 Ke7 39. Ra6 Rc2 40. e4 f6 41.
Kg3 Rb2 42. e5 fxe5 43. f5 Bf7 44. Ra7 Kd6 45. Ra6+ Ke7 46. Ra7 Rxb4 47. Bc6 Rd4
48. Bxb5 Bc4 49. Rxd7+ Rxd7 50. f6+ Ke8 51. Bxc4 Rd4 52. Be6 Rf4 53. f7+ Kf8 54.
Bd5 Kg7 55. Be6 Rf6 56. Bd5 Rd6 57. Bc4 Rd4 58. Be6 Rf4 59. Bd5 Rf6 60. Bc4 e4
61. h4 h5 62. g5 Rf3+ 63. Kg2 Rf4 64. Be2 Kg6 65. Bc4 e3 66. Kg3 Rf2 67. Bd5 Rf1
68. Bf3 Kxf7 69. Bxh5+ Ke6 70. Be2 Rf2 71. Bg4+ Ke5 72. h5 Rf1 73. h6 Rg1+ 74.
Kf3 e2 75. h7 e1=N+ 76. Ke2 Rh1 77. g6 Kf6 78. h8=Q+ Rxh8 79. Kxe1 Kxg6 80. Kd2
Kg5 1/2-1/2

[Event "Gibraltar Masters 2015"]
[Site "Caleta ENG"]
[Date "2015.01.28"]
[Round "2.30"]
[White "Karavade, Eesha"]
[Black "Grandelius, Nils"]
[Result "0-1"]
[WhiteTitle "IM"]
[BlackTitle "GM"]
[WhiteElo "2398"]
[BlackElo "2602"]
[WhiteFideId "5012600"]
[BlackFideId "1710400"]
[EventDate "2015.01.27"]

1. d4 d5 2. c4 e6 3. Nc3 Be7 4. Nf3 Nf6 5. Bf4 O-O 6. e3 b6 7. Bd3 c5 8. cxd5
Nxd5 9. Nxd5 exd5 10. dxc5 bxc5 11. O-O Nc6 12. a3 Be6 13. Qc2 h6 14. Rac1 Qb6
15. Ne5 Rac8 16. Nxc6 Rxc6 17. Be5 Rfc8 18. h3 Qb7 19. Be2 Bd6 20. Bxd6 Rxd6 21.
Rfd1 d4 22. Bc4 Bxc4 23. Qxc4 Rg6 24. g3 dxe3 25. Qe2 exf2+ 26. Qxf2 Rcc6 27.
Rc3 Rcd6 28. Re1 Qd7 29. Kh2 Rgf6 30. Qg2 Rd2 31. Re2 Rxe2 32. Qxe2 Rd6 33. Rc2
Rd3 34. Qe5 Rd5 35. Qf4 Rd4 36. Qe5 Rd5 37. Qf4 g5 38. Qe3 Qd6 39. Rf2 Re5 40.
Qb3 Qe7 41. Qc4 a5 42. Qa6 Re3 43. Qxa5 Qe5 44. Rg2 h5 45. h4 Rd3 46. Qb5 Rd4
47. Qe2 Re4 48. Qd1 Rxh4+ 49. Kg1 Qe3+ 0-1

[Event "Gibraltar Masters 2015"]
[Site "Caleta ENG"]
[Date "2015.01.28"]
[Round "2.31"]
[White "Ganguly, Surya Shekhar"]
[Black "Martinez Martin, David"]
[Result "1-0"]
[WhiteTitle "GM"]
[BlackTitle "IM"]
[WhiteElo "2595"]
[BlackElo "2407"]
[WhiteFideId "5002150"]
[BlackFideId "2209748"]
[EventDate "2015.01.27"]

1. e4 e6 2. d4 d5 3. Nc3 Nf6 4. e5 Nfd7 5. f4 c5 6. Nf3 Nc6 7. Be3 Be7 8. Qd2
O-O 9. dxc5 Nxc5 10. O-O-O a6 11. Qf2 b6 12. g4 Bb7 13. g5 d4 14. Nxd4 Nxd4 15.
Bg2 Bxg2 16. Qxg2 b5 17. Bxd4 Qc7 18. Bxc5 Bxc5 19. Rd3 Rad8 20. Rh3 Rd7 21. Ne4
Rfd8 22. Rc3 Rd5 23. Nf6+ gxf6 24. gxf6+ Kf8 25. Qg7+ Ke8 26. Qg8+ Kd7 27. Qxf7+
Kc8 28. Qxc7+ Kxc7 29. b4 Rd4 30. Rxc5+ Kb6 31. f5 1-0

[Event "Gibraltar Masters 2015"]
[Site "Caleta ENG"]
[Date "2015.01.28"]
[Round "2.32"]
[White "Kuipers, Stefan"]
[Black "Roiz, Michael"]
[Result "0-1"]
[WhiteTitle "IM"]
[BlackTitle "GM"]
[WhiteElo "2390"]
[BlackElo "2592"]
[WhiteFideId "1018400"]
[BlackFideId "2804158"]
[EventDate "2015.01.27"]

1. e4 e5 2. Nf3 Nc6 3. Bb5 a6 4. Ba4 Nf6 5. d3 d6 6. c4 Bg4 7. Be3 Be7 8. h3
Bxf3 9. Qxf3 O-O 10. Nc3 Nd4 11. Bxd4 exd4 12. Ne2 c6 13. O-O Qb6 14. Rab1 a5
15. Ng3 g6 16. Qf4 Nd7 17. Bd1 Rae8 18. Qd2 Nc5 19. f4 Bh4 20. Rf3 f5 21. exf5
gxf5 22. Nf1 Kh8 23. g3 Bf6 24. Rf2 Qb4 25. Qc2 a4 26. Bh5 Re7 27. g4 fxg4 28.
hxg4 Bg7 29. g5 Ne6 30. Qc1 Nc5 31. Qd1 b5 32. f5 Re5 33. Bg4 bxc4 34. f6 Rxg5
35. fxg7+ Kxg7 36. Rxf8 Kxf8 37. Qf3+ Kg8 38. Ng3 Qd2 39. Nh5 Qxd3 40. Nf6+ Kh8
41. Qxd3 Nxd3 42. Kh2 Rg6 43. Rf1 a3 44. bxa3 c3 45. Be6 Nc5 46. Bf7 Rg5 47. Ne8
c2 48. Nxd6 Nd3 49. Be8 Kg7 50. Ne4 Rg4 51. Rf7+ Kh6 52. Rf6+ Kg7 53. Rf7+ Kh8
54. Nf6 Rh4+ 55. Kg3 c1=Q 56. Kxh4 Qh6+ 57. Kg3 Qg5+ 58. Kh2 Qh4+ 59. Kg2 Qg5+
60. Kh2 Qf4+ 61. Kh3 Qe3+ 62. Kh2 Qe5+ 63. Kh1 Qe1+ 64. Kh2 Qh4+ 65. Kg2 Ne1+
66. Kf1 Qh1+ 67. Ke2 d3+ 68. Ke3 Qh3+ 69. Kf4 Qh6+ 70. Kf5 Nf3 71. Rd7 Qg5+ 72.
Ke6 Qe5+ 73. Kf7 Ng5+ 74. Kf8 Qxf6+ 75. Rf7 Ne6# 0-1

[Event "Gibraltar Masters 2015"]
[Site "Caleta ENG"]
[Date "2015.01.28"]
[Round "2.33"]
[White "Vazquez Igarza, Renier"]
[Black "Solomon, Kenny"]
[Result "1-0"]
[WhiteTitle "GM"]
[BlackTitle "IM"]
[WhiteElo "2592"]
[BlackElo "2399"]
[WhiteFideId "3503054"]
[BlackFideId "14300192"]
[EventDate "2015.01.27"]

1. d4 d5 2. c4 e6 3. Nc3 Be7 4. Nf3 Nf6 5. Bg5 h6 6. Bh4 O-O 7. e3 Ne4 8. Bxe7
Qxe7 9. Rc1 c6 10. Bd3 Nxc3 11. Rxc3 dxc4 12. Bxc4 Nd7 13. O-O b6 14. Bd3 c5 15.
Be4 Rb8 16. Qa4 Bb7 17. Bxb7 Rxb7 18. Qc2 cxd4 19. Nxd4 Nb8 20. Rc1 Rd8 21. h3
Rbd7 22. a3 g6 23. b4 a6 24. Qe4 Qd6 25. Nf3 Qe7 26. Kh2 Rd5 27. Ne5 f5 28. Qf4
g5 29. Qg3 Qg7 30. f4 gxf4 31. exf4 Nd7 32. Qe1 Nxe5 33. Rg3 Ng4+ 34. hxg4 fxg4
35. Qxe6+ Kh7 36. Qxg4 Qxg4 37. Rxg4 R8d7 38. Rc6 R5d6 39. Rc3 Rf7 40. Kh3 Rd5
41. Rc6 Rh5+ 42. Kg3 Rb5 43. Kf3 Rg7 44. Rxg7+ Kxg7 45. Rc7+ Kf6 46. Ra7 a5 47.
bxa5 bxa5 48. Ra6+ Kg7 49. a4 Rc5 50. Kg4 Rd5 51. g3 Rc5 52. Kh4 Rd5 53. g4 h5
54. gxh5 Rd4 55. Kg5 Rxa4 56. h6+ 1-0

[Event "Gibraltar Masters 2015"]
[Site "Caleta ENG"]
[Date "2015.01.28"]
[Round "2.35"]
[White "Nabaty, Tamir"]
[Black "Foisor, Cristina-Adela"]
[Result "1-0"]
[WhiteTitle "GM"]
[BlackTitle "IM"]
[WhiteElo "2579"]
[BlackElo "2390"]
[WhiteFideId "2809052"]
[BlackFideId "1200496"]
[EventDate "2015.01.27"]

1. e4 e5 2. Nf3 Nc6 3. Bc4 Bc5 4. b4 d5 5. Bxd5 Nxb4 6. Bb3 Nf6 7. O-O Nc6 8.
Bb2 Bg4 9. Ba4 O-O 10. Bxc6 bxc6 11. d3 Re8 12. Nbd2 Nd7 13. h3 Bh5 14. g4 Bg6
15. Kh1 f6 16. Nh4 Bf7 17. Nf5 Nf8 18. f4 Rb8 19. Nb3 Bd6 20. g5 fxg5 21. fxe5
Bxe5 22. Bxe5 Rxe5 23. Qf3 Bg6 24. Qg3 Re8 25. Na5 Rb6 26. Rf2 c5 27. Raf1 Nd7
28. Ne3 Rbe6 29. Nd5 Ra6 30. Nb7 Qb8 31. Qxc7 Nf6 32. c4 Nxd5 33. Qxb8 Rxb8 34.
Nxc5 Nf4 35. Nxa6 Rd8 36. Nb4 Nxh3 37. Rf3 g4 38. Re3 Ng5 39. Nd5 Bf7 40. Rf5 h6
41. d4 Rb8 42. Rb3 Rxb3 43. axb3 Nxe4 44. Re5 Nf2+ 45. Kg1 g3 46. Kg2 Nd3 47.
Re4 Bxd5 48. cxd5 Nb4 49. Kxg3 Nxd5 50. Re5 Nf6 51. d5 g5 52. d6 Kf8 53. Kf3 a6
54. b4 Nd7 55. Re6 h5 56. Ke4 g4 57. Kf5 g3 58. Rh6 Nb6 59. Ke6 1-0